Conceptual foundations of quantum mechanics. (Record no. 122139)
[ view plain ]
| 000 -LEADER | |
|---|---|
| fixed length control field | 00856nam a2200265 4500 |
| 001 - CONTROL NUMBER | |
| control field | 301174 |
| 003 - CONTROL NUMBER IDENTIFIER | |
| control field | ARRUPE |
| 005 - DATE AND TIME OF LATEST TRANSACTION | |
| control field | 20150218173254.0 |
| 008 - FIXED-LENGTH DATA ELEMENTS--GENERAL INFORMATION | |
| fixed length control field | 711001s1971 cau b 000 0 eng |
| 010 ## - LIBRARY OF CONGRESS CONTROL NUMBER | |
| LC control number | 72159538 |
| 040 ## - CATALOGING SOURCE | |
| Original cataloging agency | DLC |
| Transcribing agency | DLC |
| Modifying agency | DLC |
| 050 00 - LIBRARY OF CONGRESS CALL NUMBER | |
| Classification number | QC174.12 |
| Item number | .E86 1971 |
| 082 00 - DEWEY DECIMAL CLASSIFICATION NUMBER | |
| Classification number | 530.1/2 |
| 300 ## - PHYSICAL DESCRIPTION | |
| Dimensions | 25 cm. |
| 100 1# - MAIN ENTRY--PERSONAL NAME | |
| Personal name | Espagnat, Bernard d'. |
| 9 (RLIN) | 13644 |
| 245 10 - TITLE STATEMENT | |
| Title | Conceptual foundations of quantum mechanics. |
| Statement of responsibility, etc | Espagnat, Bernard d'. |
| 260 ## - PUBLICATION, DISTRIBUTION, ETC. (IMPRINT) | |
| Place of publication, distribution, etc | Menlo Park, California |
| Name of publisher, distributor, etc | W. A. Benjamin |
| Date of publication, distribution, etc | [1971] |
| 300 ## - PHYSICAL DESCRIPTION | |
| Extent | xvii, 493 p. |
| 490 0# - SERIES STATEMENT | |
| Series statement | The W. A. Benjamin mathematical physics monograph series |
| 504 ## - BIBLIOGRAPHY, ETC. NOTE | |
| Bibliography, etc | Includes bibliographies. |
| 650 #0 - SUBJECT ADDED ENTRY--TOPICAL TERM | |
| Topical term or geographic name as entry element | Quantum theory. |
| 9 (RLIN) | 15395 |
| 650 #0 - SUBJECT ADDED ENTRY--TOPICAL TERM | |
| Topical term or geographic name as entry element | Physical measurements. |
| 9 (RLIN) | 15396 |
| 650 #0 - SUBJECT ADDED ENTRY--TOPICAL TERM | |
| Topical term or geographic name as entry element | Physics |
| General subdivision | Philosophy. |
| 9 (RLIN) | 15397 |
| 906 ## - LOCAL DATA ELEMENT F, LDF (RLIN) | |
| a | 7 |
| b | cbc |
| c | orignew |
| d | 2 |
| e | ncip |
| f | 19 |
| g | y-gencatlg |
| 942 ## - ADDED ENTRY ELEMENTS (KOHA) | |
| Source of classification or shelving scheme | Library of Congress Classification |
| Koha item type | Monograph ( Printed materials) |
| Withdrawn status | Lost status | Source of classification or shelving scheme | Damaged status | Not for loan | Collection code | Home library | Current library | Shelving location | Date acquired | Total Checkouts | Full call number | Barcode | Date last seen | Price effective from | Koha item type |
|---|---|---|---|---|---|---|---|---|---|---|---|---|---|---|---|
| Library of Congress Classification | Main Collection | ARRUPE LIBRARY | ARRUPE LIBRARY | Main Collection | 18/02/2015 | QC174.12 .E86 1971 | 46500000977 | 02/07/2019 | 18/02/2015 | Monograph ( Printed materials) |